Statistics for Ipswich Town Premier League Players

Click here to take the quiz!

General Stats

  • This quiz has been taken 96 times
  • The average score is 24 of 73

Answer Stats

The Tractor Boys% Correct
Marcus Stewart
79%
Matt Holland
78%
Richard Wright
68%
Jermaine Wright
67%
Darren Bent
62%
Marcus Bent
62%
Hermann Hreiðarsson
60%
John Wark
60%
David Johnson
59%
Jim Magilton
57%
Gavin Johnson
54%
Jamie Clapham
54%
Martijn Reuser
54%
Finidi George
52%
Mark Venus
49%
Titus Bramble
49%
Chris Kiwomya
48%
Matteo Sereni
48%
James Scowcroft
46%
Andy Marshall
44%
Craig Forrest
44%
Fabian Wilnis
44%
Ian Marshall
44%
Alun Armstrong
43%
Geraint Williams
43%
Jason Dozzell
43%
David Williams
41%
Pablo Couñago
38%
Richard Naylor
38%
Wayne Brown
37%
Darren Ambrose
35%
Frank Yallop
35%
John McGreal
35%
Mick Stockwell
33%
Neil Thompson
33%
Simon Milton
32%
David Linighan
29%
Ulrich Le Pen
29%
Adrián Paz
27%
Alex Mathie
27%
Chris Makin
27%
Clive Baker
27%
Lee Chapman
27%
Tommy Miller
27%
Eddie Youds
25%
Gary Croft
25%
Sixto Peralta
25%
Claus Thomsen
24%
Steve Sedgley
24%
Bontcho Guenchev
22%
Paul Mason
22%
Stuart Slater
22%
Adam Tanner
21%
Mark Burchill
19%
Paul Goddard
19%
Keith Branagan
17%
Steve Whitton
17%
David Gregory
16%
Phil Whelan
16%
Steve Palmer
14%
Thomas Gaardsøe
14%
John Scales
13%
Nabil Abidallah
13%
Tony Vaughan
13%
Chris Swailes
10%
Kevin Ellis
10%
Philip Morgan
10%
Andy Petterson
8%
Glenn Pennyfather
8%
Lee Durrant
8%
Lee Norfolk
8%
Leo Cotterell
6%
Vlado Bozinovski
3%

Score Distribution

Percentile by Number Answered

Percent of People with Each Score

Your Score History

You have not taken this quiz